| 000 | 00636 a2200181 4500 | ||
|---|---|---|---|
| 999 |
_c10443 _d10443 |
||
| 020 | _a9780323370813 (pbk.) | ||
| 050 | 0 | 0 | _aR123. CHA 2017 |
| 100 | 1 |
_aChabner, Davi-Ellen, _eauthor. |
|
| 245 | 1 | 4 |
_aThe language of medicine / _cDavi-Ellen Chabner, BA, MAT. |
| 250 | _a11th edition. | ||
| 264 | 1 |
_aSt. Louis, Missouri : _bElsevier, _c2017 |
|
| 300 |
_axxii, 1041 pages : _billustrations (chiefly color) ; |
||
| 500 | _aIncludes index. | ||
| 650 | 1 | 2 |
_aTerminology as Topic _xMedicine. |
| 650 | 1 | 2 |
_aMedicine _xTerminology. |
| 942 |
_2lcc _cBK _h123 _iCHA _kR |
||